000 00728nam a22002177a 4500
003 OSt
005 20250822073230.0
008 250822b |||||||| |||| 00| 0 eng d
020 _a9789712728723
040 _aDWCL MAIN LIB
_cOC
082 _2 Second edition
_aFil.
100 _aASIA SOCIETY PHILIPPINE FOUNDATION
245 _aKulinarya :
_b a guidebook to Philippine cuisine /
_cASIA SOCIETY PHILIPPINE FOUNDATION
250 _aSecond edition
260 _aPasig City, Philippines :
_b Anvil,
_cc2013.
300 _a239 pages :
_b color illustrations ;
_c 28 cm.
504 _aIncludes index.
650 _2Cookery, Philippines.
650 _2Food habits--Philippines.
942 _2ddc
_cBK - FIL
_e Second edition
_kFil.
_n0
999 _c4204
_d4204